000 00799nam a2200265 a 4500
001 61122
003 BD-RjUL
005 20211209080926.0
008 170115s cau||||| |||| 001 0 eng d
020 _a0078813123
035 _a(BD-RjUL)61246
040 _aBD-RjUL
_beng
_cBD-RjUL
_dBD-RjUL
041 _aeng
082 _223
_a00.3
_bACW 1988
100 1 _a Acerson, Karen L
_9182398
245 _aWordPerfece :
_bthe complete reference /
_cKaren L Acerson
260 _aBerkeley, Calif. :
_bMcGraw-Hill,
_cc1988
300 _aXIX, 1091 p. :
_bill. ;
_c25 cm.
490 _aComplete reference series.
500 _aIncludes index
650 _aWord processing
_9182181
650 _aWordPerfect (Computer file).
_9182399
830 _aComplete reference series.
_9182401
942 _2ddc
_cBK
999 _c61122
_d61122